La Universidad de Chile y las universidades particulares: informe sobre otorgamiento de los títulos de médico cirujano y de visitadora social
محفوظ في:
| مؤلف مشترك: | |
|---|---|
| التنسيق: | كتاب |
| اللغة: | الإسبانية |
| منشور في: |
Santiago
Universidad de Chile
1954
|
| الموضوعات: | |
| الوسوم: |
إضافة وسم
لا توجد وسوم, كن أول من يضع وسما على هذه التسجيلة!
|
MARC
| LEADER | 00000nam a2200000 a 4500 | ||
|---|---|---|---|
| 001 | UCS3060 | ||
| 003 | CL-VaPUC | ||
| 008 | 970613e19540000CL |||||||||||||||||spa|d | ||
| 082 | 0 | 4 | |a 378 |b UNI |2 21 |
| 110 | 2 | |a Universidad de Chile |e author |9 389035 | |
| 245 | 1 | 3 | |a La Universidad de Chile y las universidades particulares: informe sobre otorgamiento de los títulos de médico cirujano y de visitadora social |
| 300 | |a 30 p | ||
| 942 | |c BK | ||
| 945 | |d 19970613 00:00:00 |a lriquelm | ||
| 260 | |a Santiago |b Universidad de Chile |c 1954 | ||
| 650 | 0 | |a Universidades |9 256317 | |
| 650 | 0 | |a Educación superior |9 223851 | |
| 650 | 7 | |a TITULOS UNIVERSITARIOS |2 CL-VaPUC |9 340951 | |
| 650 | 7 | |a DIPLOMAS UNIVERSITARIOS |2 CL-VaPUC |9 389036 | |
| 650 | 0 | |a Servicios sociales |9 338304 | |
| 650 | 0 | |a Médicos |9 339460 | |
| 650 | 0 | |a Estudiantes universitarios |9 334744 | |
| 583 | |a last modification |c 19970613 00:00:00 |k Rodrigo Vera | ||
| 999 | |c 260910 |d 260908 | ||
| 952 | |0 0 |1 0 |4 0 |6 378_000000000000000_UNI_1954 |7 0 |8 P |9 287533 |a BIBDER |b BIBDER |d 2019-11-19 |i 1866095 |o 378 UNI 1954 |p 1866095 |r 2023-01-25 |w 2019-11-19 |y BK |k DER | ||